Analisa perangkaan dengan methodoloji penyelidikan /

Bibliographic Details
Corporate Author: Institut Tadbiran Awam Negara (INTAN)
Format: Book
Published: KL: INTAN,.
Subjects:
LEADER 00692cam a2200205 7i4500
001 0000041842
005 20151104090000.0
005 ##20151104152500.0
002 ##000002037
003 ##MY-KlINT
008 151104 00010 eng
039 # 9 |y 201511041525  |z VLOAD 
090 0 0 |a 001.422 INS  
110 0 # |a Institut Tadbiran Awam Negara (INTAN) 
245 0 0 |a Analisa perangkaan dengan methodoloji penyelidikan /   |c Institut Tadbiran Awam Negara (INTAN).. 
260 # # |a KL:   |b INTAN,. 
505 0 # |a This is a lectures notes on Research Methodology and Statistics that truly suitable for the generalists in the public service. 
650 # 0 |a Sampling (Statistics)  
650 # 0 |a Mathematic  
650 # 0 |a Statistics